000 00422nam a2200157Ia 4500
008 240729s9999 xx 000 0 und d
022 _a2169-7574
245 0 _aPlastic and Reconstructive Surgery, Global Open
260 _aUnited States
260 _bWolters Kluwer
650 _a Surgery
650 _aMedicine
856 _uhttps://doaj.org/toc/67a2d04f85e944eca80743b4c366b605
942 _2ddc
942 _cDOAJEJ
999 _c65726
_d65726
945 _a1
_bMadushi Gamage
_c1
_dMadushi Gamage